Complète les paroles de Raiponce - Où est la vraie vie ? - Statistiques

Statistiques générales
  • Ce quiz a été pris 631 fois
  • Le résultat moyen est 144 sur 176
Statistiques - réponses
Réponse % Correct
je
99%
Je
99%
m'
99%
de
97%
me
97%
et
96%
Et
96%
se
96%
il
95%
la
95%
ma
94%
rêve
94%
heures,
93%
heures
93%
ou
93%
93%
93%
Sept
93%
sept
93%
fait
92%
livre
92%
ne
92%
que
92%
réveille
92%
dehors
91%
qu'à
91%
vie
91%
vraie
91%
brille
90%
lis
90%
un
90%
en
89%
faut
89%
maison
89%
A
88%
clair
88%
couleur
88%
demande
88%
deux
88%
jusqu'à
88%
nettoie
88%
trois
88%
est
87%
même
87%
poussière
87%
chaque
86%
quart
86%
J'ajoute
85%
le
85%
moi
85%
placard
85%
Puis
85%
qui
83%
chasse
82%
Ensuite
82%
c'est
81%
quelques
81%
brosse
80%
plaisent
80%
suis
80%
frotte
79%
chevelure
78%
couleurs
78%
cache
77%
j'en
77%
manque
77%
Dans
76%
tricot
76%
Pascal
75%
sûre
75%
fois
74%
anniversaire
73%
cette
73%
jour
73%
mat
72%
mon
72%
plus
72%
échec
71%
soir
71%
gâteaux
70%
guitare
70%
j'ai
70%
mes
70%
Vite
70%
grandi
69%
les
69%
lumières
69%
cookies
68%
prison
68%
relis
68%
demain
67%
livres
67%
épate
66%
Après
64%
cire
64%
d'aventures
64%
range
63%
balaye
62%
Gymnastique
62%
y
62%
aller
61%
bougies
61%
arts
59%
midi
59%
plastiques
59%
quoi
59%
soirée
59%
d'été
58%
grande
58%
pouvoir
58%
danse
57%
ressemble
57%
Comme
56%
dois
56%
marionnettes
56%
mâché
54%
Papier
54%
théâtre
54%
classique
52%
s'élèvent
52%
corde
51%
fléchettes
50%
Poterie
44%
puzzle
43%
Aucun quiz correspondant
Distribution des résultats
% des personnes avec chaque résultat
Percentile par nombre de réponses
Votre historique - résultats
Vous n’avez pas pris ce quiz